Υπερρεαλισμός και ζωγραφική

Αποθηκεύτηκε σε:
Λεπτομέρειες βιβλιογραφικής εγγραφής
Κύριος συγγραφέας: Breton, Andre, 1896-1966
Άλλοι συγγραφείς: Κουμανούδης, Στέφανος Α., 1818-1899 (Μεταφραστής)
Μορφή: Βιβλίο
Γλώσσα:Greek
French
Δημοσίευση: [Αθήνα] : Υψιλον, [1981].
Θέματα:
Ετικέτες: Προσθήκη ετικέτας
Δεν υπάρχουν, Καταχωρήστε ετικέτα πρώτοι!

MARC

LEADER 00000cam a2200000 i 4500
001 1/77292
008 960806s1981####gr | ||| |||| ||gre||
035 |a 1993  |b 1  |c Καμπουροπούλου  |l 10032623 
040 |a GR-MyUA  |b gre  |e AACR2 
041 1 |a gre  |h fre 
082 0 |a 759.0663 
100 1 |a Breton, Andre,   |d 1896-1966. 
245 1 0 |a Υπερρεαλισμός και ζωγραφική /   |c Ανδρέας Μπρετόν ; μετάφραση Στ. Ν. Κουμανούδης.  
260 |a [Αθήνα] :   |b Υψιλον,   |c [1981].  
300 |a 131 σ., ΧΙΙΙ :   |b έγχ. εικ. ;   |c 21 εκ.  
500 |a Τίτλος πρωτοτύπου: Le surreálisme et la peinture.  
650 0 0 |a Surrealism. 
650 0 0 |a Painting, Modern  |y 20th century. 
700 1 |a Κουμανούδης, Στέφανος Α.,   |d 1818-1899,  |e trl 
852 |a INST  |b RHODES  |e 19960806  |h 759.0663 BRE  |p 005400009608  |q 005400009608  |t BK  |y 0 
852 |a INST  |b SAMOS  |e 20180110  |h 759.0663 BRE  |p 005300045097  |q 005300045097  |t BK  |y 0 
909 |a Ρ  |b 025991 
970 |z 2000/07/ΚΑΤΕΡΙΝΑ